I 10 comuni più popolosi della Sardegna - Statistics

Statistiche generali
  • Questo quiz è stato fatto 89 volte
  • Il punteggio medio è 8 su 10
Statistiche sulle risposte
POPOLAZIONE COMUNE % Corretto
147.378 Cagliari
100%
120.875 Sassari
100%
33.611 Nuoro
97%
30.273 Oristano
97%
61.495 Olbia
96%
42.265 Alghero
86%
25.990 Carbonia
79%
68.463 Quartu
76%
28.392 Selargius
30%
25.757 Assemini
25%
Nessun quiz corrispondente trovato
Distribuzione punteggi
Percentuale di utenti per punteggio
Percentile per numero di risposta
I tuoi punteggi nel tempo
Non hai fatto questo quiz